[Event "VIII Festival Hotel Petra A"]
[Site "Roma ITA"]
[Date "2007.11.02"]
[Round "6"]
[White "Ferri, Stefano"]
[Black "Bellincampi, Stefano"]
[Result "0-1"]
[WhiteElo "2178"]
[BlackElo "2003"]
[PlyCount "86"]
[EventDate "2007.10.29"]

1. c4 Nf6 2. Nc3 e5 3. g3 d5 4. cxd5 Nxd5 5. Bg2 Nb6 6. Nf3 Nc6 7. O-O Be7 8.
d3 O-O 9. a3 Re8 10. Be3 Bf8 11. b4 a5 12. b5 Nd4 13. Nd2 a4 14. Nc4 Nxc4 15.
dxc4 Nb3 16. Ra2 Qxd1 17. Rxd1 Na5 18. c5 Be6 19. Bd5 Bxd5 20. Nxd5 c6 21. bxc6
bxc6 22. Nb6 Ra7 23. Rad2 f6 24. Rd7 Rxd7 25. Rxd7 Nb3 26. Nxa4 Ra8 27. Rd3
Rxa4 28. Rxb3 Ra5 29. Rc3 Kf7 30. f3 Ke6 31. Bf2 f5 32. e4 fxe4 33. fxe4 Ra4
34. Kg2 Rxe4 35. Kf3 Ra4 36. Ke3 Rxa3 37. Kd3 Rxc3+ 38. Kxc3 Kd5 39. Kb4 Be7
40. h4 e4 41. Be3 h5 42. Bf2 Bf6 43. Ka5 Bd4 0-1

[Event "VIII Festival Hotel Petra A"]
[Site "Roma ITA"]
[Date "2007.11.02"]
[Round "6"]
[White "Gerardi, Saverio"]
[Black "Di Lascio, Savino"]
[Result "1-0"]
[WhiteElo "2156"]
[BlackElo "2004"]
[PlyCount "78"]
[EventDate "2007.10.29"]

1. e4 c6 2. d4 d5 3. exd5 cxd5 4. Bd3 Nc6 5. c3 g6 6. Bg5 Bg7 7. Nf3 Nh6 8. h3
f6 9. Bf4 O-O 10. O-O Nf7 11. Bc2 Kh8 12. Re1 e5 13. dxe5 fxe5 14. Bg3 e4 15.
Nd4 Nxd4 16. cxd4 Qb6 17. Nc3 Be6 18. Bb3 Rad8 19. Re2 Ng5 20. Rc1 Bxh3 21.
gxh3 Qe6 22. Re3 Nxh3+ 23. Kg2 Ng5 24. Rc2 Rf3 25. Rce2 Qh3+ 26. Kg1 Qg4 27.
Rxf3 Nxf3+ 28. Kg2 h5 29. Qh1 Nxd4 30. Rd2 Qf3+ 31. Kg1 e3 32. Qh4 Bf6 33. Be5
Rf8 34. Bxf6+ Rxf6 35. Rxd4 g5 36. Bxd5 exf2+ 37. Kf1 Qe3 38. Qxh5+ Kg7 39. Ne2
Qe7 1-0

[Event "VIII Festival Hotel Petra A"]
[Site "Roma ITA"]
[Date "2007.11.02"]
[Round "6"]
[White "Horvath, Csaba"]
[Black "Corvi, Marco"]
[Result "1-0"]
[WhiteElo "2536"]
[BlackElo "2336"]
[PlyCount "65"]
[EventDate "2007.10.29"]

1. d4 Nf6 2. c4 g6 3. Nc3 Bg7 4. e4 d6 5. Be2 O-O 6. Bg5 Na6 7. Qd2 e5 8. d5
Nc5 9. f3 a5 10. g4 c6 11. Nh3 cxd5 12. cxd5 Bd7 13. Nf2 a4 14. Nb5 Qb6 15. Na3
Rfc8 16. O-O Ne8 17. Kh1 Bf6 18. Be3 Qd8 19. Rac1 Rab8 20. Nd3 Nxd3 21. Bxd3
Rxc1 22. Rxc1 Rc8 23. Rc4 Rxc4 24. Nxc4 Qc7 25. Qa5 Qxa5 26. Nxa5 b5 27. Nc6
Nc7 28. Bb6 Na6 29. Bxb5 Nc5 30. Bc7 a3 31. bxa3 Nb7 32. a4 Kf8 33. a5 1-0

[Event "VIII Festival Hotel Petra A"]
[Site "Roma ITA"]
[Date "2007.11.02"]
[Round "6"]
[White "Hunt, Adam C."]
[Black "Salvador, Roland"]
[Result "1/2-1/2"]
[WhiteElo "2464"]
[BlackElo "2456"]
[PlyCount "119"]
[EventDate "2007.10.29"]

1. e4 c5 2. Nf3 Nc6 3. d4 cxd4 4. Nxd4 Nf6 5. Nc3 e5 6. Ndb5 d6 7. Nd5 Nxd5 8.
exd5 Nb8 9. c4 Be7 10. Be2 O-O 11. O-O a6 12. Nc3 f5 13. f4 Nd7 14. Kh1 exf4
15. Bxf4 Ne5 16. c5 Ng6 17. Bxd6 Bxd6 18. cxd6 Qxd6 19. a4 Bd7 20. Qd4 Ne5 21.
Rae1 Rf6 22. Bh5 Nc6 23. Qf4 Nb4 24. Qxd6 Rxd6 25. Re7 Nxd5 26. Bf7+ Kf8 27.
Rxd7 Rxd7 28. Bxd5 g6 29. g4 Rad8 30. Be4 Rd2 31. gxf5 gxf5 32. b3 Kg7 33. Rxf5
Rc8 34. Rf3 b5 35. Rg3+ Kh6 36. Rh3+ Kg7 37. Rg3+ Kh6 38. Bb7 Rf8 39. Ne4 Re2
40. Rg1 bxa4 41. bxa4 Rf4 42. Ng3 Ref2 43. Be4 Rf6 44. Rc1 Ra2 45. Rc7 Rff2 46.
Rxh7+ Kg5 47. Kg1 Rfd2 48. Bf3 Ra1+ 49. Nf1 Rda2 50. Bc6 Rc2 51. Bd7 Rc7 52.
Bf5 Rxh7 53. Bxh7 Rxa4 54. Kf2 Kf4 55. Ke2 Rd4 56. h4 a5 57. h5 a4 58. Bg8 Kg5
59. Nd2 Kxh5 60. Kd1 1/2-1/2

[Event "VIII Festival Hotel Petra A"]
[Site "Roma ITA"]
[Date "2007.11.02"]
[Round "6"]
[White "Ibba, Isacco"]
[Black "Caprio, Guido"]
[Result "1-0"]
[WhiteElo "2202"]
[BlackElo "2071"]
[PlyCount "47"]
[EventDate "2007.10.29"]

1. d4 Nf6 2. Nc3 d5 3. Bg5 c5 4. e3 Nc6 5. Bxf6 gxf6 6. Qh5 e6 7. O-O-O cxd4 8.
exd4 Bb4 9. Nge2 Qb6 10. a3 Be7 11. Nf4 Bd7 12. Bb5 a6 13. Nfxd5 exd5 14. Nxd5
Qd8 15. Rhe1 Be6 16. Rxe6 Qxd5 17. Rxe7+ Kxe7 18. Qxd5 axb5 19. Re1+ Kf8 20.
Qd6+ Kg7 21. Re3 Rhg8 22. Rg3+ Kh6 23. Qxf6+ Rg6 24. Rh3# 1-0

[Event "VIII Festival Hotel Petra A"]
[Site "Roma ITA"]
[Date "2007.11.02"]
[Round "6"]
[White "Lantini, Marco"]
[Black "Sbarra, Marco"]
[Result "1/2-1/2"]
[WhiteElo "2222"]
[BlackElo "2220"]
[PlyCount "82"]
[EventDate "2007.10.29"]

1. d4 d5 2. c4 e6 3. Nf3 c5 4. cxd5 exd5 5. g3 Nc6 6. Bg2 Nf6 7. O-O Be7 8. Nc3
O-O 9. b3 Bg4 10. dxc5 Bxc5 11. Bb2 a6 12. Rc1 d4 13. Na4 Ba7 14. h3 Bh5 15.
Nc5 Qe7 16. Nd3 Rad8 17. Nf4 Bxf3 18. Bxf3 Ne4 19. Ba3 Qxa3 20. Bxe4 Rfe8 21.
Qd3 Bb8 22. Bxh7+ Kh8 23. Be4 Qxa2 24. Qf3 Bxf4 25. Qxf4 Kg8 26. Bd3 Ne5 27. b4
Qe6 28. Qf5 Nxd3 29. Qxe6 Nxc1 30. Qxe8+ Rxe8 31. Rxc1 Rxe2 32. Rd1 Re4 33. f3
Re2 34. Rxd4 Rb2 35. h4 Kf8 36. Re4 g6 37. g4 Ra2 38. Kf1 Rh2 39. Rc4 b5 40.
Rc6 Ra2 41. Kg1 Ke7 1/2-1/2

[Event "VIII Festival Hotel Petra A"]
[Site "Roma ITA"]
[Date "2007.11.02"]
[Round "6"]
[White "Parpinel, Marco"]
[Black "Bove, Alessandro"]
[Result "1/2-1/2"]
[WhiteElo "2137"]
[BlackElo "2195"]
[PlyCount "25"]
[EventDate "2007.10.29"]

1. e4 Nf6 2. e5 Nd5 3. Nc3 Nb6 4. a4 a5 5. d4 d6 6. f4 g6 7. Nf3 Bg7 8. Bb5+ c6
9. Be2 Na6 10. O-O Nb4 11. Ne1 O-O 12. Kh1 Be6 13. Nd3 1/2-1/2

[Event "VIII Festival Hotel Petra A"]
[Site "Roma ITA"]
[Date "2007.11.02"]
[Round "6"]
[White "Passerotti, Pierluigi"]
[Black "Hanly, Steven"]
[Result "1-0"]
[WhiteElo "2320"]
[BlackElo "1998"]
[PlyCount "77"]
[EventDate "2007.10.29"]

1. d4 e6 2. e4 d5 3. Nc3 dxe4 4. Nxe4 Bd7 5. Bf4 Bc6 6. Qd3 Nd7 7. O-O-O Be7 8.
Nf3 Ngf6 9. Nxf6+ Bxf6 10. h4 Bxf3 11. Qxf3 c6 12. Rh3 Bxh4 13. d5 cxd5 14. Bb5
Bf6 15. c4 a6 16. cxd5 e5 17. Bxd7+ Qxd7 18. Qe4 Rc8+ 19. Kb1 b5 20. Bxe5 Rc4
21. Bd4+ Qe7 22. Qxe7+ Kxe7 23. d6+ Kd7 24. Bxf6 gxf6 25. Rf3 Rg8 26. Rxf6 Rxg2
27. Rxf7+ Kd8 28. d7 Rg8 29. Rxh7 a5 30. Rh5 Rb4 31. a3 Rb3 32. Rc5 Ke7 33.
Rdd5 Rf3 34. Rxb5 Rxf2 35. Rxa5 Rb8 36. Rab5 Rf1+ 37. Ka2 Rxb5 38. Rxb5 Kxd7
39. Rc5 1-0

[Event "VIII Festival Hotel Petra A"]
[Site "Roma ITA"]
[Date "2007.11.02"]
[Round "6"]
[White "Pienabarca, Nicola"]
[Black "Castelfranchi, Carlo"]
[Result "0-1"]
[WhiteElo "2075"]
[BlackElo "2083"]
[PlyCount "80"]
[EventDate "2007.10.29"]

1. d4 Nf6 2. c4 g6 3. Nc3 d5 4. Bf4 Bg7 5. Qa4+ Bd7 6. Qb3 dxc4 7. Qxb7 Nc6 8.
d5 Nd4 9. O-O-O Nh5 10. Bxc7 Qc8 11. Qxc8+ Rxc8 12. Ba5 O-O 13. e3 Nb5 14. Nxb5
Bxb5 15. Bc3 Ba4 16. Rd2 Bxc3 17. bxc3 f5 18. Nf3 Nf6 19. Rd4 Ne4 20. Bxc4 Kg7
21. Kb2 Nxf2 22. Rc1 Rxc4 23. Rxc4 Nd3+ 24. Ka3 Bb5 25. Rb4 Nxb4 26. Kxb4 Be2
27. c4 Rb8+ 28. Kc3 Bxc4 29. Kd4 Bxa2 30. Rc2 Rb4+ 31. Kc5 Ra4 32. Nd4 Bb1 33.
Rb2 Be4 34. Nc6 Kf6 35. Rb7 Bxg2 36. Nxe7 Ra5+ 37. Kd6 Ra6+ 38. Nc6 h5 39. Kc5
Ra3 40. d6 Rc3+ 0-1

[Event "VIII Festival Hotel Petra A"]
[Site "Roma ITA"]
[Date "2007.11.02"]
[Round "6"]
[White "Piscopo, Pierluigi"]
[Black "Ciampi, Vincenzo"]
[Result "1-0"]
[WhiteElo "2365"]
[BlackElo "2095"]
[PlyCount "69"]
[EventDate "2007.10.29"]

1. e4 e6 2. Qe2 Nc6 3. Nf3 e5 4. g3 d6 5. Bg2 g6 6. c3 Bg7 7. O-O Nf6 8. d4 O-O
9. dxe5 Nxe5 10. Nxe5 dxe5 11. Na3 Qe7 12. Nc4 Bg4 13. f3 Be6 14. Be3 Nd7 15.
f4 exf4 16. gxf4 Rae8 17. Na5 f5 18. e5 b6 19. Nc6 Qf7 20. b3 a5 21. Rad1 Kh8
22. c4 Rg8 23. h4 Bf8 24. Nd4 Nc5 25. Bc6 Ne4 26. Bxe8 Qxe8 27. Nxe6 Qxe6 28.
Qd3 c6 29. Qd7 Qe7 30. Qxe7 Bxe7 31. Bxb6 Bxh4 32. Bxa5 g5 33. Rd8 gxf4+ 34.
Rxg8+ Kxg8 35. Rxf4 1-0

[Event "VIII Festival Hotel Petra A"]
[Site "Roma ITA"]
[Date "2007.11.02"]
[Round "6"]
[White "Rossi, Aldo A."]
[Black "Isonzo, David"]
[Result "0-1"]
[WhiteElo "2204"]
[BlackElo "2339"]
[PlyCount "60"]
[EventDate "2007.10.29"]

1. d4 Nf6 2. Bf4 g6 3. e3 Bg7 4. Nf3 O-O 5. Be2 d6 6. h3 c5 7. c3 Be6 8. dxc5
dxc5 9. Qxd8 Rxd8 10. Nbd2 Nc6 11. O-O Bf5 12. Nb3 Ne4 13. Bb5 Rac8 14. Rfd1
Nd6 15. Bxc6 Rxc6 16. Na5 Ra6 17. Bxd6 exd6 18. Nxb7 Rd7 19. e4 Be6 20. Nxc5
dxc5 21. Rxd7 Bxd7 22. Rd1 Be6 23. Rd8+ Bf8 24. a3 Kg7 25. Ng5 Ba2 26. Rd7 h6
27. Nf3 Be6 28. Rb7 Ra4 29. Nd2 Bd6 30. f3 Bc8 0-1

[Event "VIII Festival Hotel Petra A"]
[Site "Roma ITA"]
[Date "2007.11.02"]
[Round "6"]
[White "Tribuiani, Renato"]
[Black "Marotta, Michele"]
[Result "1-0"]
[WhiteElo "2096"]
[BlackElo "2012"]
[PlyCount "75"]
[EventDate "2007.10.29"]

1. d4 Nf6 2. Nd2 c5 3. c3 cxd4 4. cxd4 d5 5. Ngf3 Nc6 6. e3 e6 7. Bd3 Bd6 8.
O-O O-O 9. Re1 h6 10. b3 Bd7 11. Bb2 Nb4 12. Bb1 Bb5 13. Ne5 Bxe5 14. dxe5 Nd7
15. Nf3 Rc8 16. Nd4 Ba6 17. a3 Nc6 18. Qc2 Re8 19. Qh7+ Kf8 20. a4 Qa5 21. Ba3+
Nb4 22. Nc2 Rxc2 23. Bxc2 Nxe5 24. Qh8+ Ke7 25. Qxg7 Nec6 26. e4 d4 27. e5 Rf8
28. Be4 d3 29. Bxc6 bxc6 30. Qxh6 c5 31. Qh4+ Ke8 32. Bxb4 cxb4 33. Qd4 Rg8 34.
Qxa7 Rg6 35. Qb8+ Kd7 36. Re4 Qd5 37. Qxb4 Bb7 38. Rd4 1-0

[Event "VIII Festival Hotel Petra A"]
[Site "Roma ITA"]
[Date "2007.11.02"]
[Round "6"]
[White "Vuelban, Virgilio"]
[Black "Tosoni, Augusto"]
[Result "1-0"]
[WhiteElo "2399"]
[BlackElo "2255"]
[PlyCount "87"]
[EventDate "2007.10.29"]

1. d4 Nf6 2. c4 g6 3. Nc3 Bg7 4. e4 d6 5. f3 O-O 6. Be3 e5 7. d5 Nh5 8. Qd2 f5
9. O-O-O a6 10. Kb1 Nd7 11. Bd3 Ndf6 12. Nge2 Bd7 13. Rc1 fxe4 14. Nxe4 Nxe4
15. Bxe4 Nf6 16. Nc3 b5 17. c5 b4 18. Ne2 Nxe4 19. fxe4 Qh4 20. Ng3 Qg4 21. c6
Be8 22. Qxb4 h5 23. Rhg1 g5 24. Nf1 Bg6 25. Nd2 Rab8 26. Qc4 Rb5 27. Rc2 Rfb8
28. a3 h4 29. Ba7 Ra8 30. a4 Rbb8 31. Bxb8 Rxb8 32. Qxa6 Bxe4 33. Nxe4 Qxe4 34.
Qc4 Qe3 35. Rf1 e4 36. Ka2 Qb6 37. Re1 e3 38. b3 Qa5 39. Rxe3 Rb4 40. Qe2 Qxd5
41. Re8+ Bf8 42. Rc4 Qa5 43. Rxb4 Qxb4 44. Qc4+ 1-0

[Event "VIII Festival Hotel Petra A"]
[Site "Roma ITA"]
[Date "2007.11.02"]
[Round "6"]
[White "Zoldan, Matteo"]
[Black "Quimi, Marco"]
[Result "1-0"]
[WhiteElo "2143"]
[BlackElo "2270"]
[PlyCount "129"]
[EventDate "2007.10.29"]

1. e4 c5 2. Nf3 Nc6 3. d4 cxd4 4. Nxd4 Nf6 5. Nc3 d6 6. Bc4 g6 7. f3 Bg7 8. Be3
O-O 9. Qd2 Bd7 10. h4 Rc8 11. Bb3 h5 12. O-O-O Ne5 13. Bg5 Rc5 14. g4 hxg4 15.
f4 Nc4 16. Qe2 Qc7 17. f5 Na5 18. Bxf6 Bxf6 19. Nd5 Nxb3+ 20. Nxb3 Rxd5 21.
Rxd5 e6 22. fxe6 Bxe6 23. Rdd1 Qb6 24. Rdf1 Be5 25. h5 g5 26. Rhg1 Kh8 27. Rxg4
Bxg4 28. Qxg4 Bf4+ 29. Kb1 Qe3 30. Qf5 Be5 31. h6 b6 32. Nc1 f6 33. Rh1 Qc5 34.
Nd3 Qc8 35. Qg6 Qd7 36. Rf1 Qh7 37. Qxg5 fxg5 38. Rxf8+ Qg8 39. Rxg8+ Kxg8 40.
Nxe5 dxe5 41. Kc1 Kh7 42. c4 Kxh6 43. b4 g4 44. Kd2 Kg5 45. Ke2 Kf6 46. Kf2 a5
47. a3 a4 48. Kg3 Kg5 49. c5 bxc5 50. bxc5 Kf6 51. Kxg4 Ke6 52. Kg5 Kd7 53. Kf6
Kc6 54. Kxe5 Kxc5 55. Kf5 Kc4 56. e5 Kb3 57. e6 Kxa3 58. e7 Kb2 59. e8=Q a3 60.
Qb5+ Ka1 61. Qf1+ Kb2 62. Qe2+ Kb1 63. Qd1+ Kb2 64. Qd2+ Kb1 65. Qb4+ 1-0

[Event "VIII Festival Hotel Petra A"]
[Site "Roma ITA"]
[Date "2007.11.03"]
[Round "7"]
[White "Andreoni, Giuseppe"]
[Black "Barlocco, Carlo"]
[Result "0-1"]
[WhiteElo "2009"]
[BlackElo "2134"]
[PlyCount "80"]
[EventDate "2007.10.29"]

1. e4 Nc6 2. Nf3 e6 3. d4 d5 4. Nbd2 Nf6 5. e5 Nd7 6. c3 f6 7. exf6 Qxf6 8. Qb3
Bd6 9. Bd3 O-O 10. O-O Nb6 11. Qc2 g6 12. b4 a6 13. a4 e5 14. a5 Nd7 15. Qb3
exd4 16. Ne4 Qe6 17. Neg5 Qf6 18. Qxd5+ Kh8 19. Nxh7 Kxh7 20. Qh5+ Kg8 21. Bxg6
Qh8 22. Bh6 Nde5 23. Nxe5 Nxe5 24. cxd4 Nf7 25. Bxf8 Qxh5 26. Bxh5 Kxf8 27. Bf3
Ng5 28. Ra3 Bxb4 29. Rb3 Nxf3+ 30. Rxf3+ Ke7 31. Ra1 Be6 32. h3 Rd8 33. Rd3 c5
34. Ra4 c4 35. Re3 Bd2 36. Rxe6+ Kxe6 37. Rxc4 Bxa5 38. g4 b5 39. Rc6+ Rd6 40.
Rc8 b4 0-1

[Event "VIII Festival Hotel Petra A"]
[Site "Roma ITA"]
[Date "2007.11.03"]
[Round "7"]
[White "Bellincampi, Stefano"]
[Black "Lantini, Marco"]
[Result "1-0"]
[WhiteElo "2003"]
[BlackElo "2222"]
[PlyCount "79"]
[EventDate "2007.10.29"]

1. e4 c5 2. c3 Nf6 3. e5 Nd5 4. Nf3 e6 5. Bc4 d6 6. d4 cxd4 7. cxd4 Nc6 8. O-O
Be7 9. Qe2 O-O 10. Rd1 Bd7 11. Bd2 Rc8 12. Nc3 Nxc3 13. Bxc3 d5 14. Bd3 Nb4 15.
Bb1 Qb6 16. a3 Bb5 17. Qd2 Nc6 18. h4 Rc7 19. h5 Rfc8 20. Ng5 g6 21. Qf4 Nd8
22. hxg6 fxg6 23. Bd3 Be8 24. g3 Bf8 25. Kg2 Nf7 26. Nxh7 Kxh7 27. Rh1+ Bh6 28.
Qf6 Kg8 29. Qxg6+ Bg7 30. Qh7+ Kf8 31. Bb4+ Re7 32. Bxe7+ Kxe7 33. Qxg7 Rc7 34.
Rac1 Rxc1 35. Rxc1 Qxd4 36. Qf6+ Kf8 37. Rh1 Kg8 38. Bh7+ Kf8 39. Rh4 Qd2 40.
Bg6 1-0

[Event "VIII Festival Hotel Petra A"]
[Site "Roma ITA"]
[Date "2007.11.03"]
[Round "7"]
[White "Caprio, Guido"]
[Black "Llopis De Aysa, Manuel"]
[Result "1-0"]
[WhiteElo "2071"]
[BlackElo "2230"]
[PlyCount "59"]
[EventDate "2007.10.29"]

1. e4 d6 2. d4 Nf6 3. Nc3 g6 4. f4 Bg7 5. Nf3 O-O 6. e5 dxe5 7. dxe5 Qxd1+ 8.
Kxd1 Nh5 9. Ke1 Nc6 10. Nd5 Bg4 11. Nd2 g5 12. fxg5 Bxe5 13. Nc4 Rad8 14. Nxe7+
Kh8 15. Nxc6 bxc6 16. Nxe5 Rfe8 17. Bd3 Rxe5+ 18. Kf2 Bf5 19. Bd2 Red5 20. Bc3+
Ng7 21. Bc4 R5d7 22. Rhe1 Bxc2 23. Re3 Kg8 24. Rae1 Bf5 25. Bf6 Rb8 26. Re7
Rxe7 27. Rxe7 Be6 28. Bd3 Ne8 29. b3 h6 30. Rxe8+ 1-0

[Event "VIII Festival Hotel Petra A"]
[Site "Roma ITA"]
[Date "2007.11.03"]
[Round "7"]
[White "Castelfranchi, Carlo"]
[Black "Bove, Alessandro"]
[Result "0-1"]
[WhiteElo "2083"]
[BlackElo "2195"]
[PlyCount "42"]
[EventDate "2007.10.29"]

1. e4 c5 2. Nf3 e6 3. d4 cxd4 4. Nxd4 a6 5. Bd3 Nc6 6. Nxc6 dxc6 7. O-O e5 8.
Kh1 Nf6 9. f4 Ng4 10. Qf3 Qh4 11. Qg3 Qxg3 12. hxg3 h5 13. Be2 Bc5 14. Nc3 h4
15. Bxg4 Bxg4 16. Kh2 h3 17. Re1 O-O-O 18. fxe5 Rh5 19. Ne2 hxg2+ 20. Kxg2 Rdh8
21. Ng1 Rh2+ 0-1

[Event "VIII Festival Hotel Petra A"]
[Site "Roma ITA"]
[Date "2007.11.03"]
[Round "7"]
[White "Ciampi, Vincenzo"]
[Black "Passerotti, Pierluigi"]
[Result "0-1"]
[WhiteElo "2095"]
[BlackElo "2320"]
[PlyCount "46"]
[EventDate "2007.10.29"]

1. e4 c5 2. Nf3 d6 3. d4 cxd4 4. Nxd4 Nf6 5. Nc3 a6 6. Be2 e5 7. Nb3 Be7 8. g4
Be6 9. f4 exf4 10. Bxf4 Nc6 11. h3 O-O 12. Qd2 d5 13. O-O-O Bb4 14. Bf3 Nxe4
15. Bxe4 dxe4 16. Qe3 Qe7 17. Nxe4 Bxb3 18. axb3 Rfe8 19. Rhe1 Bxe1 20. Rxe1
Qb4 21. c3 Qxb3 22. Bg3 Rad8 23. Bh4 f6 0-1

[Event "VIII Festival Hotel Petra A"]
[Site "Roma ITA"]
[Date "2007.11.03"]
[Round "7"]
[White "Di Lascio, Savino"]
[Black "Pienabarca, Nicola"]
[Result "0-1"]
[WhiteElo "2004"]
[BlackElo "2075"]
[PlyCount "42"]
[EventDate "2007.10.29"]

1. Nf3 d6 2. d3 e5 3. g3 f5 4. Bg2 Nf6 5. O-O Be7 6. c3 O-O 7. Qb3+ Kh8 8. Ng5
d5 9. c4 Ng4 10. h3 Bxg5 11. hxg4 Bxc1 12. Rxc1 f4 13. cxd5 fxg3 14. fxg3 Qg5
15. Qc3 Qe3+ 16. Kh2 Rf6 17. g5 Qxg5 18. Rf1 Qh6+ 19. Kg1 Qe3+ 20. Kh2 Rh6+ 21.
Bh3 Rxh3+ 0-1

[Event "VIII Festival Hotel Petra A"]
[Site "Roma ITA"]
[Date "2007.11.03"]
[Round "7"]
[White "Hanly, Steven"]
[Black "Ferri, Stefano"]
[Result "1-0"]
[WhiteElo "1998"]
[BlackElo "2178"]
[PlyCount "85"]
[EventDate "2007.10.29"]

1. d4 Nf6 2. Nf3 g6 3. Nc3 d5 4. Bf4 Bg7 5. e3 O-O 6. Be2 Re8 7. Ne5 c6 8. h4
Nfd7 9. h5 f6 10. Nxd7 Nxd7 11. hxg6 hxg6 12. Bd3 Nf8 13. Bh6 f5 14. f4 Bxh6
15. Rxh6 Kg7 16. Rh2 b6 17. Qf3 Nd7 18. O-O-O Rh8 19. Rdh1 Rxh2 20. Rxh2 Nf6
21. Nd1 Ng4 22. Rh1 Bb7 23. Nf2 Nxf2 24. Qxf2 Qg8 25. Qh4 Re8 26. Bxf5 gxf5 27.
Qg5+ Kf7 28. Qxf5+ Kg7 29. Rh5 Bc8 30. Rg5+ Kh6 31. Rh5+ Kg7 32. Rg5+ Kh6 33.
Rxg8 Rxg8 34. Qe5 Rg7 35. Qc7 Bf5 36. Qxa7 e6 37. Qxb6 Rxg2 38. a4 Rxc2+ 39.
Kd1 Rc4 40. a5 Kh5 41. a6 Kg4 42. Qb3 Kf3 43. a7 1-0

[Event "VIII Festival Hotel Petra A"]
[Site "Roma ITA"]
[Date "2007.11.03"]
[Round "7"]
[White "Isonzo, David"]
[Black "Hunt, Adam C."]
[Result "1/2-1/2"]
[WhiteElo "2339"]
[BlackElo "2464"]
[PlyCount "39"]
[EventDate "2007.10.29"]

1. e4 c5 2. Nf3 d6 3. d4 cxd4 4. Nxd4 Nf6 5. Nc3 a6 6. Be3 e5 7. Nf3 Be7 8. Bc4
O-O 9. O-O Nc6 10. Qe2 Na5 11. Bb3 Nxb3 12. cxb3 Be6 13. Rfd1 Nd7 14. Nd2 b5
15. a4 b4 16. Nd5 f5 17. Nc4 Bxd5 18. Rxd5 Nf6 19. Rdd1 fxe4 20. Nxe5 1/2-1/2

[Event "VIII Festival Hotel Petra A"]
[Site "Roma ITA"]
[Date "2007.11.03"]
[Round "7"]
[White "Korneev, Oleg"]
[Black "Horvath, Csaba"]
[Result "1/2-1/2"]
[WhiteElo "2587"]
[BlackElo "2536"]
[PlyCount "45"]
[EventDate "2007.10.29"]

1. e4 c5 2. Nf3 e6 3. d4 cxd4 4. Nxd4 a6 5. Bd3 Nf6 6. O-O Qc7 7. Qe2 d6 8. c4
g6 9. Nc3 Bg7 10. Nf3 O-O 11. Bf4 Nc6 12. Rac1 e5 13. Bg5 h6 14. Be3 Bg4 15.
Nd5 Qd8 16. h3 Nxd5 17. cxd5 Nd4 18. Bxd4 Bxf3 19. Qxf3 exd4 20. Rc4 Qb6 21.
Qe2 Rfc8 22. Rfc1 Qd8 23. g3 1/2-1/2

[Event "VIII Festival Hotel Petra A"]
[Site "Roma ITA"]
[Date "2007.11.03"]
[Round "7"]
[White "Marotta, Michele"]
[Black "D'Andrea, Stefano"]
[Result "0-1"]
[WhiteElo "2012"]
[BlackElo "2105"]
[PlyCount "72"]
[EventDate "2007.10.29"]

1. e4 d6 2. d4 Nf6 3. Nc3 g6 4. Be3 c6 5. h3 Nbd7 6. f4 Qa5 7. e5 Ne4 8. Qf3 d5
9. Bd3 f5 10. exf6 exf6 11. Bxe4 dxe4 12. Qxe4+ Kf7 13. Nge2 Nb6 14. Ng3 Bb4
15. O-O Re8 16. Qd3 Be6 17. a3 Bc4 18. axb4 Qxa1 19. Rxa1 Bxd3 20. Bd2 Bxc2 21.
b5 Re7 22. bxc6 bxc6 23. Rc1 Bd3 24. Nd1 Bb5 25. Bb4 Rd7 26. Bc5 f5 27. Nc3 Bd3
28. Rd1 Bc2 29. Re1 Re8 30. Ra1 Rb7 31. Kf2 a5 32. b4 axb4 33. Bxb4 Nd5 34.
Nxd5 cxd5 35. Ba3 Rc8 36. Ra2 Rd7 0-1

[Event "VIII Festival Hotel Petra A"]
[Site "Roma ITA"]
[Date "2007.11.03"]
[Round "7"]
[White "Marta, Daniele"]
[Black "Parpinel, Marco"]
[Result "0-1"]
[WhiteElo "2073"]
[BlackElo "2137"]
[PlyCount "46"]
[EventDate "2007.10.29"]

1. Nf3 g6 2. c4 Bg7 3. Nc3 d6 4. d4 Nc6 5. d5 Nb8 6. e4 e5 7. Be2 f5 8. Ng5 f4
9. Ne6 Bxe6 10. dxe6 Nf6 11. b4 O-O 12. c5 Nc6 13. Bc4 Kh8 14. Ba3 Nd4 15. f3
Re8 16. O-O Bf8 17. cxd6 Qxd6 18. Qc1 b5 19. Be2 a5 20. Rb1 axb4 21. Bxb4 c5
22. Nxb5 Nxe2+ 23. Kf2 Nxc1 0-1

[Event "VIII Festival Hotel Petra A"]
[Site "Roma ITA"]
[Date "2007.11.03"]
[Round "7"]
[White "Palermo, Stefano"]
[Black "Rossi, Aldo A."]
[Result "0-1"]
[WhiteElo "2071"]
[BlackElo "2204"]
[PlyCount "30"]
[EventDate "2007.10.29"]

1. e4 d6 2. d4 Nf6 3. Nc3 Nbd7 4. Nf3 e5 5. Rg1 c6 6. g4 h6 7. Be3 b5 8. g5
hxg5 9. dxe5 dxe5 10. Rxg5 b4 11. Rxe5+ Be7 12. Na4 Nxe5 13. Qxd8+ Bxd8 14.
Nxe5 Bc7 15. Nxc6 Bd7 0-1

[Event "VIII Festival Hotel Petra A"]
[Site "Roma ITA"]
[Date "2007.11.03"]
[Round "7"]
[White "Quimi, Marco"]
[Black "Gerardi, Saverio"]
[Result "0-1"]
[WhiteElo "2270"]
[BlackElo "2156"]
[PlyCount "46"]
[EventDate "2007.10.29"]

1. d4 d5 2. Nf3 Nf6 3. Bf4 e6 4. Nbd2 c5 5. e3 Nbd7 6. h3 b6 7. c3 Bb7 8. Bd3
Ne4 9. O-O Be7 10. Qb1 f5 11. Bxe4 fxe4 12. Ne5 Nxe5 13. Bxe5 Ba6 14. c4 O-O
15. Qc2 cxd4 16. Bxd4 Qe8 17. Qc3 Qg6 18. Qb3 Rf5 19. Kh2 Raf8 20. f4 exf3 21.
Rxf3 Bxc4 22. Qa4 Rxf3 23. gxf3 Be2 0-1

[Event "VIII Festival Hotel Petra A"]
[Site "Roma ITA"]
[Date "2007.11.03"]
[Round "7"]
[White "Sbarra, Marco"]
[Black "Vuelban, Virgilio"]
[Result "1-0"]
[WhiteElo "2220"]
[BlackElo "2399"]
[PlyCount "97"]
[EventDate "2007.10.29"]

1. d4 Nf6 2. c4 g6 3. Nc3 Bg7 4. e4 d6 5. Nf3 O-O 6. Be2 e5 7. d5 Na6 8. Bg5 h6
9. Bh4 g5 10. Bg3 Nxe4 11. Nxe4 f5 12. Nfd2 fxe4 13. Nxe4 Bf5 14. Bd3 Bxe4 15.
Bxe4 Nc5 16. Qe2 Nxe4 17. Qxe4 Qd7 18. h4 g4 19. O-O Rf6 20. c5 Raf8 21. Rac1
h5 22. c6 Qc8 23. Qa4 b6 24. Qxa7 Bh6 25. Rc3 Bf4 26. Qb7 Qd8 27. Rd1 Bxg3 28.
fxg3 Rf2 29. Ra3 Rxb2 30. Kh1 Qf6 31. Kh2 Rf7 32. Rg1 Kg7 33. Qc8 Rd2 34. Ra8
Rf2 35. Qh8+ Kg6 36. Rg8+ Rg7 37. Re8 Qf7 38. Re6+ Rf6 39. Rf1 Qxe6 40. dxe6
Rxf1 41. Qd8 Rf6 42. e7 Re6 43. e8=Q+ Rxe8 44. Qxe8+ Rf7 45. Kg1 Kg7 46. a3 Kg6
47. Qg8+ Rg7 48. Qe6+ Kh7 49. Kf2 1-0

[Event "VIII Festival Hotel Petra A"]
[Site "Roma ITA"]
[Date "2007.11.03"]
[Round "7"]
[White "Scalcione, Michelangelo"]
[Black "Burmakin, Vladimir"]
[Result "1/2-1/2"]
[WhiteElo "2357"]
[BlackElo "2593"]
[PlyCount "139"]
[EventDate "2007.10.29"]

1. Nf3 d5 2. d4 c6 3. c4 Nf6 4. e3 Bf5 5. Bd3 Bxd3 6. Qxd3 e6 7. Nc3 Nbd7 8.
O-O Be7 9. e4 dxe4 10. Nxe4 O-O 11. b3 Qc7 12. Bb2 Rad8 13. Qe2 Nxe4 14. Qxe4
Rfe8 15. Rad1 Nf8 16. Bc3 Ng6 17. Rfe1 Rd7 18. Rd2 Red8 19. Red1 Bf6 20. g3 h6
21. Kg2 b5 22. Bb4 bxc4 23. bxc4 Qb6 24. Bc5 Qa6 25. Qc2 Be7 26. Bxe7 Rxe7 27.
Ne5 Nf8 28. Qe4 Rc8 29. Qc2 Rb7 30. Nd3 Nd7 31. Nc5 Nxc5 32. dxc5 Qa5 33. Qe4
Re7 34. Qe5 Rce8 35. h4 Qa4 36. Qc3 e5 37. Re1 e4 38. Rb2 Qa6 39. Qd4 Qc8 40.
Rd2 Qg4 41. Re3 Qf5 42. Ra3 Re6 43. Qe3 Re5 44. Rxa7 Rxc5 45. Rdd7 Rf8 46. Qa3
g5 47. hxg5 hxg5 48. Qc3 g4 49. Kf1 Qf3 50. Qxf3 exf3 51. Rd4 Rg5 52. Rad7 Rb8
53. Rd8+ Rxd8 54. Rxd8+ Kg7 55. Rd4 c5 56. Re4 Rg6 57. Ke1 f5 58. Re5 Kf6 59.
Rxc5 Kg5 60. Rd5 Rh6 61. Kd2 Ra6 62. Kc3 Rxa2 63. Rd2 Ra1 64. c5 Kf6 65. Kd4
Ke6 66. Rc2 Ra4+ 67. Ke3 Re4+ 68. Kd3 Kd7 69. c6+ Kc7 70. Rc5 1/2-1/2